00615 2200205 4500001002100000005001500021035002000036007000300056008004100059020002300100082001100123084001700134100004000151245010000191250001000291260003900301300002400340650003400364990001100398INLIS00000000000051620171004035039 a0010-1017000070ta171004 f 0 ind  a978-979-26-58-36-1 a297.51 a297.51 ALH j0 aAlhamd, Syaikh Muhammad bin Ibrahim1 aJangan Salah Mendidik Anak :bKiat Mencet;ak Anak Shaleh /cSyaikh Muhammad Bin Ibrahim Al Hamd aCet.1 aBogor :bCV. Media Tarbiyah,c2008 a93hlm ;c13 x 19 cm aAkhak, Anak, Pendidikan Islam a4332 a